000 00282nam a22001337a 4500
008 170907b xxu||||| |||| 00| 0 eng d
020 _a9780914886464
041 _aeng
080 _a72
100 _a41
101 _aARK
245 _aSITE DETAIL
_cJAMESO.G.W
942 _2udc
_cBK
999 _c26521
_d26521